000 00629nam a2200205Ia 4500
003 GCL
008 140319s9999 xx 000 0 eng d
040 _aGCL /
_cGCL
082 0 4 _a552.5
_bP S
100 1 _aPROTHERO, DONALD . R.
245 1 0 _aSEDIMENTARY GEOLOGY: AN INTRODUCTION TO SEDIMENTARY ROCKS AND STRATIGRAPHY /
_cPROTHERO, DONALD . R.
700 1 _aSCHWAB, FRED
260 _a[S.N] :
_bW. H.FREEMAN AND COMPANY ،
_c1996
300 _a575 P
650 0 4 _aSCIENCE - COMPUTER NETWORK
650 0 4 _aالادب السويسرى
650 0 4 _aGEOLOGY, STRATIGRAPHIC
650 0 4 _aROCK SEDIMENTARY
942 _2ddc
_cBK
999 _c15733
_d15733